Reliez 100 communes de 4000 habitants au bon département (difficile) - Statistiques

Statistiques générales
  • Ce quiz a été pris 92 fois
  • Le résultat moyen est 24 sur 100
Statistiques - réponses
Hint Réponse % Correct
Vittel 88
63%
Carnac 56
54%
Sainte-Maure-de-Touraine 37
52%
Soorts-Hossegor 40
52%
L'Île-d'Yeu 85
52%
Fouras 17
51%
Aubusson 23
49%
Propriano 2A
49%
Le Touquet-Paris-Plage 62
49%
Mortagne-au-Perche 61
48%
Ghisonaccia 2B
45%
Vic-en-Bigorre 65
43%
Vouziers 08
42%
La Rochefoucauld-en-Angoumois 16
42%
Ingwiller 67
42%
Le Tréport 76
42%
Valras-Plage 34
39%
Les Rousses 39
39%
Hondschoote 59
39%
Banyuls-sur-Mer 66
39%
Kaysersberg Vignoble 68
37%
Montoire-sur-le-Loir 41
36%
Serémange-Erzange 57
36%
Villard-de-Lans 38
33%
Aime-la-Plagne 73
33%
Le Pouliguen 44
31%
Saint-Mihiel 55
31%
Marnes-la-Coquette 92
31%
Guise 02
30%
Pagny-sur-Moselle 54
30%
Semur-en-Auxois 21
27%
Plœuc-L'Hermitage 22
27%
Saint-Chély-d'Apcher 48
27%
Pontorson 50
27%
Tourrettes-sur-Loup 06
25%
La Voulte-sur-Rhône 07
25%
Courseulles-sur-Mer 14
25%
Hourtin 33
25%
Saint-Léonard-de-Noblat 87
25%
Tiercé 49
24%
Craon 53
24%
Morlaàs 64
24%
Saint-Philippe 974
24%
Châteauneuf-sur-Isère 26
22%
Val-Couesnon 35
22%
Sanvignes-les-Mines 71
22%
Laragne-Montéglin 05
21%
Nogent-le-Roi 28
21%
Saint-Florentin 89
21%
Buzançais 36
19%
Porte des Pierres Dorées 69
19%
Viuz-en-Sallaz 74
19%
Coubron 93
19%
Santeny 94
19%
Capdenac-Gare 12
18%
La Fouillouse 42
18%
Fourchambault 58
18%
Yvré-l'Évêque 72
18%
Bruyères-sur-Oise 95
18%
Case-Pilote 972
18%
Montréal-la-Cluse 01
16%
Ytrac 15
16%
Prigonrieux 24
16%
Pont-de-Roide-Vermondans 25
16%
Loperhet 29
16%
Eauze 32
16%
Nogent (Altitude Min. 302 m
Max. 410 m)
52
16%
Issou 78
16%
Carnoules 83
16%
Anse-Bertrand 971
16%
Allassac 19
15%
Fougerolles-Saint-Valbert 70
15%
Avermes 03
13%
Pierrevert 04
13%
Villemoustaussou 11
13%
Bezannes 51
13%
Saïx 81
13%
Montamisé 86
13%
Trouy 18
12%
Saint-Just-Malmont 43
12%
Pradines 46
12%
Casteljaloux 47
12%
Friville-Escarbotin 80
12%
Offemont 90
12%
Le Plessis-Pâté 91
12%
Acoua 976
12%
Mazères 09
10%
La Rivière-de-Corps 10
10%
Rognonas 13
10%
Générac 30
10%
Nailloux 31
10%
Courpière 63
10%
Pomponne 77
10%
Roura 973
10%
Pannes 45
9%
Bresles 60
9%
Celles-sur-Belle 79
9%
Labastide-Saint-Pierre 82
9%
Mondragon 84
9%
Gravigny 27
6%
Aucun quiz correspondant
Distribution des résultats
% des personnes avec chaque résultat
Percentile par nombre de réponses
Votre historique - résultats
Vous n’avez pas pris ce quiz